Magova (Record no. 1399957)

MARC details
000 -LEADER
fixed length control field 00640nam a2200289Ia 4500
008 - FIXED-LENGTH DATA ELEMENTS--GENERAL INFORMATION
fixed length control field 160716s9999||||xx |||||||||||||| ||und||
040 ## - CATALOGING SOURCE
Transcribing agency Marathi
082 ## - DEWEY DECIMAL CLASSIFICATION NUMBER
Classification number XV.E/Krundakar
082 ## - DEWEY DECIMAL CLASSIFICATION NUMBER
Item number BORI-104155
100 ## - MAIN ENTRY--PERSONAL NAME
Personal name Narhar Krundkar
245 ## - TITLE STATEMENT
Title Magova
260 ## - PUBLICATION, DISTRIBUTION, ETC. (IMPRINT)
Place of publication, distribution, etc Pune
260 ## - PUBLICATION, DISTRIBUTION, ETC. (IMPRINT)
Name of publisher, distributor, etc Deshmukh Ani company
260 ## - PUBLICATION, DISTRIBUTION, ETC. (IMPRINT)
Date of publication, distribution, etc 1977
300 ## - PHYSICAL DESCRIPTION
Extent 18+256
300 ## - PHYSICAL DESCRIPTION
Dimensions B
300 ## - PHYSICAL DESCRIPTION
Accompanying material Paperback
530 ## - ADDITIONAL PHYSICAL FORM AVAILABLE NOTE
Uniform Resource Identifier <a href="00104155.pdf">00104155.pdf</a>
563 ## - BINDING INFORMATION
Binding note Reference
600 ## - SUBJECT ADDED ENTRY--PERSONAL NAME
Personal name Narhar Krundkar
630 ## - SUBJECT ADDED ENTRY--UNIFORM TITLE
Uniform title Magova
650 ## - SUBJECT ADDED ENTRY--TOPICAL TERM
Topical term or geographic name as entry element Collected works
650 ## - SUBJECT ADDED ENTRY--TOPICAL TERM
Topical term or geographic name as entry element Reference
700 ## - ADDED ENTRY--PERSONAL NAME
Personal name Narhar Krundkar
730 ## - ADDED ENTRY--UNIFORM TITLE
Uniform title Magova
942 ## - ADDED ENTRY ELEMENTS (KOHA)
Koha item type Book
Holdings
Withdrawn status Lost status Damaged status Not for loan Home library Current library Date acquired Total Checkouts Full call number Barcode Date last seen Price effective from Koha item type
        Bhandarkar Oriental Research Institute, Pune Bhandarkar Oriental Research Institute, Pune 02/08/2010   BORI-104155 BORI-104155 07/15/2016 07/15/2016 Book